Indian Hunger Games (Zeeshan) Quiz - Statistics

General Stats
  • This quiz has been taken 32 times
  • The average score is 7 of 10
Answer Stats
Picture Answer % Correct
Hasnan
91%
Mr greedy
91%
Biggie
82%
Cool boy
82%
Omar
68%
Daniel
64%
Kaku
64%
Muzamil
64%
Ali
36%
Azam
27%
No matching quizzes found
Score Distribution
Percent of People with Each Score
Percentile by Number Answered
Your Score History
You have not taken this quiz